UEFA Champions League 2020-21 - Statistics

General Stats
  • This quiz has been taken 70 times
  • The average score is 23 of 32
Answer Stats
Country Club % Correct
Germany Bayern Munich
100%
Spain Real Madrid
100%
Spain Barcelona
98%
Spain Atletico Madrid
92%
Italy Juventus
92%
Netherlands Ajax
90%
Italy Inter Milan
90%
France Paris Saint Germain
90%
Germany Borussia Dortmund
88%
England Chelsea
87%
England Liverpool
85%
England Manchester United
85%
England Manchester City
83%
Portugal FC Porto
81%
Germany RB Leipzig
81%
Spain Sevilla
81%
Italy Atalanta
73%
Greece Olympiacos
73%
Russia Krasnodar
63%
Italy Lazio
62%
France Marseille
62%
France Rennes
60%
Germany Borussia Monchengladbach
58%
Ukraine Dynamo Kiev
56%
Hungary Ferencvaros
54%
Austria Red Bull Salzburg
54%
Russia Zenit Saint Petersburg
52%
Russia Lokomotiv Moscow
50%
Ukraine Shakhtar Donetsk
50%
Belgium Club Brugge
42%
Denmark Midtjylland
38%
Turkey Istanbul Basaksehir
33%
No matching quizzes found
Score Distribution
Percent of People with Each Score
Percentile by Number Answered
Your Score History
You have not taken this quiz